Poetry of the forties (Record no. 1024)

MARC details
000 -LEADER
fixed length control field 00306nam a2200109 4500
082 ## - DEWEY DECIMAL CLASSIFICATION NUMBER
Classification number 821.912
Item number SKE
245 ## - TITLE STATEMENT
Title Poetry of the forties
Statement of responsibility, etc. introduced and edited by Robin Skelton
260 ## - PUBLICATION, DISTRIBUTION, ETC.
Place of publication, distribution, etc. Harmonsworth,Eng
Name of publisher, distributor, etc. Penguin Books
Date of publication, distribution, etc. 1968
300 ## - PHYSICAL DESCRIPTION
Extent 269p. ; 18cm.
490 ## - SERIES STATEMENT
Series statement Penguin poets
710 ## - ADDED ENTRY--CORPORATE NAME
Corporate name or jurisdiction name as entry element Skelton, Robin
Holdings
Withdrawn status Lost status Damaged status Not for loan Collection code Home library Current library Date acquired Total Checkouts Full call number Barcode Date last seen Price effective from Koha item type
        ENGLISH North Eastern Hill University North Eastern Hill University 18/11/2011   821.912 SKE A253 18/11/2011 18/11/2011 Books
        ACADEMIC STAFF COLLEGE North Eastern Hill University North Eastern Hill University 18/11/2011   821.912 SKE 3490 18/11/2011 18/11/2011 Books